000 00501cam a2200145 4500500
005 20260111090603.0
041 _afre
042 _adc
100 1 0 _aVallin, Pierre
_eauthor
245 0 0 _aMarcel Launay, Les Séminaires français aux xixe et xxe siècles, Cerf, 2003, 262 pages, 20 €
260 _c2003.
500 _a34
786 0 _nÉtudes | 399 | 7 | 2003-07-01 | p. 129z-143z | 0014-1941
856 4 1 _uhttps://shs.cairn.info/revue-etudes-2003-7-page-129z?lang=fr&redirect-ssocas=7080
999 _c1619209
_d1619209